Nations in the 1964 Summer Olympics - Statistics

General Stats
  • This quiz has been taken 27 times
  • The average score is 77 of 93
Answer Stats
Hint Answer % Correct
Asia Japan
100%
Oceania Australia
94%
Europe Austria
94%
America Canada
94%
Europe Denmark
94%
Europe Finland
94%
Europe Great Britain
94%
Europe Hungary
94%
Europe Iceland
94%
Europe Ireland
94%
America Mexico
94%
Oceania New Zealand
94%
Europe Norway
94%
Europe Poland
94%
Europe Sweden
94%
Europe Switzerland
94%
America United States
94%
America Argentina
88%
America Bahamas
88%
Europe Belgium
88%
America Bolivia
88%
America Brazil
88%
Europe Bulgaria
88%
America Chile
88%
Europe Czechoslovakia
88%
Africa Egypt
88%
Europe France
88%
Europe Greece
88%
America Guyana
88%
Asia Iran
88%
Europe Italy
88%
America Jamaica
88%
Africa Kenya
88%
Europe Liechtenstein
88%
Europe Luxembourg
88%
Asia Nepal
88%
Europe Netherlands
88%
America Peru
88%
Asia Philippines
88%
Europe Romania
88%
Europe Soviet Union
88%
Asia Thailand
88%
Europe United Team of Germany
88%
Asia Vietnam
88%
Europe Yugoslavia
88%
Africa Algeria
82%
America Bermuda
82%
Asia Burma
82%
Africa Cameroon
82%
Africa Chad
82%
America Colombia
82%
America Dominican Republic
82%
Africa Ethiopia
82%
Asia India
82%
Asia Iraq
82%
Asia Israel
82%
Europe Monaco
82%
Africa Morocco
82%
Africa Niger
82%
Africa Nigeria
82%
Asia Pakistan
82%
America Panama
82%
Europe Portugal
82%
Africa Republic of the Congo
82%
Asia South Korea
82%
Europe Spain
82%
Africa Tunisia
82%
Asia Turkey
82%
America Uruguay
82%
America Venezuela
82%
Asia Afghanistan
76%
Asia Cambodia
76%
America Cuba
76%
Africa Ghana
76%
Asia Lebanon
76%
Africa Liberia
76%
Asia Malaysia
76%
Africa Mali
76%
Asia Mongolia
76%
Africa Uganda
76%
America Costa Rica
71%
Africa Ivory Coast
71%
Africa Northern Rhodesia
71%
America Puerto Rico
71%
Africa Senegal
71%
Asia Taiwan
71%
America Trinidad and Tobago
71%
Asia Ceylon
65%
Asia Hong Kong
65%
Africa Madagascar
65%
America Netherlands Antilles
47%
Africa Rhodesia
47%
Africa Tanganyika
35%
No matching quizzes found
Score Distribution
Percent of People with Each Score
Percentile by Number Answered
Your Score History
You have not taken this quiz